000 00478pab a2200169 454500
008 180718b2013 xxu||||| |||| 00| 0 eng d
100 _aPhillimore, John
245 _aUnderstanding intergovernmental relations: Key features and trends
260 _c2013
300 _ap.228-238.
362 _aSep
650 _aIntergovernmental relations
650 _aFederal state relations
773 _aAustralian Journal of Public Administration
908 _aN
909 _a103305
999 _c103301
_d103301